00441nam a2200145 a 450000100100000000500170001000800410002704000250006808200150009310000250010824500280013326000550016130000270021650000520024300003021420200930060135.0110504s2008 dr a 000 0 spa d aDO-SdBNPbspacBNPHU axxxbB625o1 aBizet, Micheld1941-10aOxygen /cMichel Bizet. aSanto Domingo :bMuseo de las Casas Reales,c2008. a56 p. :bil. ;c23 cm. aIncluye datos biográficos del autor (pag. 54)